Statistics for European capitals by coat of arms

Click here to take the quiz!

General Stats

  • This quiz has been taken 726 times
  • The average score is 11 of 22

Answer Stats

Answer% Correct
London
94%
Amsterdam
80%
Berlin
77%
Rome
76%
Oslo
69%
Paris
68%
Copenhagen
67%
Lisbon
59%
Prague
58%
Vienna
58%
Bucharest
53%
Luxembourg
46%
Madrid
46%
Stockholm
44%
Brussels
37%
Moscow
36%
Budapest
32%
Helsinki
30%
Dublin
22%
Warsaw
21%
Bratislava
14%
Sofia
13%

Score Distribution

Percentile by Number Answered

Percent of People with Each Score

Your Score History

You have not taken this quiz